Central Library OPAC University of Rajshahi
Normal view MARC view

Entry Personal Name

Number of records used in: 1

001 - CONTROL NUMBER

  • control field: 4520

003 - CONTROL NUMBER IDENTIFIER

  • control field: BD-RjUL

005 - DATE AND TIME OF LATEST TRANSACTION

  • control field: 20220828140021.0

008 - FIXED-LENGTH DATA ELEMENTS

  • fixed length control field: 220828|| aca||aabn | a|a d

040 ## - CATALOGING SOURCE

  • Original cataloging agency: BD-RjUL
  • Transcribing agency: BD-RjUL

100 ## - HEADING--PERSONAL NAME

  • Personal name: Hossain, Md. Mahabbat

670 ## - SOURCE DATA FOUND

  • Source citation: Work cat.: (BD-RjUL)80251: Hossain, Md. Mahabbat, Corporate Goverance and Intellectual Capital Reporeting in Corporate Annual Reports of Emerging Economies:, 2015